| 000 | 00503nam a22001697a 4500 | ||
|---|---|---|---|
| 003 | NUST | ||
| 038 | _aNusrat Nadeem | ||
| 082 | _a200 | ||
| 100 |
_aRiaz, Arslan _934951 |
||
| 245 |
_aSecuring IoT Devices with In-Hop Encryption / _cArslan Riaz |
||
| 264 |
_aIslamabad : _bSEECS, NUST, _c2022. |
||
| 300 | _a58 p. ; | ||
| 650 |
_aMS-Information Security _927215 |
||
| 700 |
_aSupervisor: Dr. Syed Taha Ali _997104 |
||
| 856 | _uhttp://10.250.8.41:8080/xmlui/handle/123456789/29893 | ||
| 942 |
_2ddc _cSC |
||
| 999 |
_c590965 _d590965 |
||